Twilight of the tyrants. (Запис № 560245)
[ простий вигляд ]
| 000 -LEADER | |
|---|---|
| fixed length control field | 01069cam a2200253L 4500 |
| 001 - CONTROL NUMBER | |
| control field | twilightoftyrant00szul |
| 003 - CONTROL NUMBER IDENTIFIER | |
| control field | CaSfIA |
| 005 - DATE AND TIME OF LATEST TRANSACTION | |
| control field | 20210119104543.0 |
| 007 - PHYSICAL DESCRIPTION FIXED FIELD--GENERAL INFORMATION | |
| fixed length control field | cr|||| |
| 008 - FIXED-LENGTH DATA ELEMENTS--GENERAL INFORMATION | |
| fixed length control field | 091212s1959 nyu 000 u eng d |
| 040 ## - CATALOGING SOURCE | |
| Original cataloging agency | DKDLA |
| Language of cataloging | dan |
| Transcribing agency | DKDLA |
| Modifying agency | CaSfIA |
| 035 ## - SYSTEM CONTROL NUMBER | |
| System control number | (OCoLC)479514338 |
| 084 ## - OTHER CLASSIFICATION NUMBER | |
| Classification number | Am |
| Source of number | z |
| 029 0# - (OCLC) | |
| OCLC library identifier | DKDLA |
| System control number | 17977464 |
| 245 00 - TITLE STATEMENT | |
| Title | Twilight of the tyrants. |
| Medium | [electronic resource] |
| 260 ## - PUBLICATION, DISTRIBUTION, ETC. (IMPRINT) | |
| Place of publication, distribution, etc | [New York], |
| Date of publication, distribution, etc | (1959). |
| 300 ## - PHYSICAL DESCRIPTION | |
| Extent | 312 s. 2 tvl. |
| 506 ## - RESTRICTIONS ON ACCESS NOTE | |
| Standardized terminology for access restriction | Необхідна авторизація на https://archive.org/ (створення облікового запису безкоштовно) |
| 506 ## - RESTRICTIONS ON ACCESS NOTE | |
| Standardized terminology for access restriction | Необхідна авторизація на https://openlibrary.org/ (створення облікового запису безкоштовно) |
| 700 1# - ADDED ENTRY--PERSONAL NAME | |
| Personal name | Szulc, Tad. |
| 856 41 - ELECTRONIC LOCATION AND ACCESS | |
| Uniform Resource Identifier | <a href="http://www.archive.org/details/twilightoftyrant00szul">http://www.archive.org/details/twilightoftyrant00szul</a> |
| Public note | Free eBook from the Internet Archive |
| 856 42 - ELECTRONIC LOCATION AND ACCESS | |
| Uniform Resource Identifier | <a href="http://www.openlibrary.org/books/OL24400866M">http://www.openlibrary.org/books/OL24400866M</a> |
| Public note | Additional information and access via Open Library |
| 942 ## - ADDED ENTRY ELEMENTS (KOHA) | |
| Koha item type | ЕКнига |
Немає доступних примірників.